Tales from Earthsea - Statistics

General Stats
  • This quiz has been taken 13 times
  • The average score is 11 of 21
Answer Stats
Hint Answer % Correct
What creatures are seen fighting in the opening scene? Dragons
100%
Who does Arren save from slavers? Therru
91%
What dark business/trade is prominent there? Slave trading
82%
Who is the Archmage of Earthsea? Sparrowhawk / Ged
82%
Who directed the film? Goro Miyazaki
73%
What was Therru's 'True Name'? Tehanu
73%
Who does Arren kill in the opening scene? His father / The King of Enlad
64%
What was Arren's 'True Name'? Lebannen
64%
Who is the dark wizard who manages this trade, and is the primary antagonist? Lord Cob
64%
What enchanted item did Arren steal? Sword
64%
^^This indicates a disruption in the _______ Balance
55%
What was Arren so afraid of / what was following him? His Shadow
55%
What animal did Therru nurse back to health? Lamb
45%
Whose owns the farm on which Arren and the Archmage seek refuge? Tenar
45%
If Hayao Miyazaki emphasises planes, what does the above director emphasise? Boats
36%
What Kingdom does Arren come from? Enlad
36%
What creatures does the Archmage save Arren from? Wolves
36%
What did Lord Cob seek? Eternal life
27%
What is the name of the town that Arren travels to first? Hort Town
27%
What is Therru's 'True Form'? Black Dragon
9%
Why couldn't the weather worker calm the wind and the seas? He forgot their true names
0%
No matching quizzes found
Score Distribution
Percent of People with Each Score
Percentile by Number Answered
Your Score History
You have not taken this quiz